PRANI JOGOTOR ROHOISHO (Record no. 6441)
[ view plain ]
| 000 -LEADER | |
|---|---|
| fixed length control field | 00400cam a2200169ua 4500 |
| 008 - FIXED-LENGTH DATA ELEMENTS--GENERAL INFORMATION | |
| fixed length control field | 120804n1990 II |||gr||||Z||||||asm |
| 040 ## - CATALOGING SOURCE | |
| Original cataloging agency | MAIN |
| 041 ## - LANGUAGE CODE | |
| -- | English |
| 082 ## - DEWEY DECIMAL CLASSIFICATION NUMBER | |
| Classification number | 570 CHA |
| 100 ## - MAIN ENTRY--PERSONAL NAME | |
| Personal name | CHALIHA, DIMBESWAR. |
| 245 ## - TITLE STATEMENT | |
| Title | PRANI JOGOTOR ROHOISHO |
| 260 ## - PUBLICATION, DISTRIBUTION, ETC. | |
| Place of publication, distribution, etc. | DIBRUGARH |
| Name of publisher, distributor, etc. | STUDENT EMPORIUM |
| Date of publication, distribution, etc. | 1990 |
| 300 ## - PHYSICAL DESCRIPTION | |
| Extent | 228: |
| Dimensions | 20CM. |
| 942 ## - ADDED ENTRY ELEMENTS (KOHA) | |
| Koha item type | Books |
| 653 ## - INDEX TERM--UNCONTROLLED | |
| Uncontrolled term | Life sciences biology |
| Withdrawn status | Lost status | Damaged status | Not for loan | Collection code | Home library | Current library | Shelving location | Date acquired | Full call number | Barcode | Date last seen | Copy number | Price effective from | Koha item type |
|---|---|---|---|---|---|---|---|---|---|---|---|---|---|---|
| Environmental science | Central Library and Information Centre Sibsagar Girls College | Central Library and Information Centre Sibsagar Girls College | Botany Rack | 05.02.1997 | 570 CHA | 14346 | 27.02.2020 | 1 | 27.02.2020 | Books |